| 000 | 01233cam a2200289 4500 | ||
|---|---|---|---|
| 001 | J1806 | ||
| 008 | 090401t1993 xxu||||| |||| 00| 0 eng d | ||
| 035 | _a(Sirsi) u45564 | ||
| 041 | _aeng | ||
| 050 | _a332.6324 | ||
| 110 |
_aInvestment Property Databank _92288 |
||
| 245 | 4 | _aThe inflation effects of commercial property leases: a report prepared for the British Property Federation. | |
| 260 |
_aLondon _bInvestment Property Databank _c1993 |
||
| 300 | _a(21) leaves ; 30cm. | ||
| 350 | _a11.75 | ||
| 520 | _aReport looks at the extent to which commercial property leases, and in particular the upward only review clause, applied inflationary pressure upon the wider economy from 1970 to 1992 and the importance of lease structure terms in underwriting the long term security of the income flows from commercial investment property over the next 22 years. | ||
| 650 | _aBUSINESS LEASES | ||
| 650 | _aCOMMERCIAL LEASES | ||
| 650 | _aPROPERTY-COMMERCIAL PROPERTY | ||
| 650 | _aINSTITUTIONAL LEASES | ||
| 650 | _aPROPERTY INVESTMENT | ||
| 650 | _aRENT REVIEWS | ||
| 650 | _aRENTAL VALUES | ||
| 690 | _aPROPERTY-COMMERCIAL PROPERTY-COMMERCIAL PROPERTY FINANCE AND INVESTMENT | ||
| 942 | _n0 | ||
| 948 | _c04/03/1997 | ||
| 999 |
_c91763 _d91763 |
||